Online
Catalog

Informe de gestión 1996-2000 / (Record no. 27684)

MARC details
000 -CABECERA
campo de control de longitud fija 01076nam a2200253 a 4500
001 - NÚMERO DE CONTROL
campo de control 000028192
005 - FECHA Y HORA DE LA ÚLTIMA TRANSACCIÓN
campo de control 20250711124154.0
008 - DATOS DE LONGITUD FIJA--INFORMACIÓN GENERAL
campo de control de longitud fija 110407s2000 dr ad r 000 | spa d
040 ## - FUENTE DE LA CATALOGACIÓN
Centro catalogador/agencia de origen DO-SdBNP
Lengua de catalogación spa
Centro/agencia transcriptor BNPHU
082 ## - NÚMERO DE LA CLASIFICACIÓN DECIMAL DEWEY
Número de clasificación 371.207
Número de documento/Ítem R426i
110 1# - ENTRADA PRINCIPAL--NOMBRE DE ENTIDAD CORPORATIVA
Nombre de entidad corporativa o nombre de jurisdicción como elemento de entrada República Dominicana.
Unidad subordinada Secretaría de Estado de Educación y Cultura.
-- Oficina de Planificación Educativa
9 (RLIN) 51800
245 10 - MENCIÓN DE TÍTULO
Título Informe de gestión 1996-2000 /
Mención de responsabilidad, etc. elaborado por Lucero Arboleda de Roa.
246 23 - FORMA VARIANTE DE TÍTULO
Título propio/Titulo breve Sistema de Bibliotecas Escolares
260 ## - PUBLICACIÓN, DISTRIBUCIÓN, ETC.
Lugar de publicación, distribución, etc. Santo Domingo :
Nombre del editor, distribuidor, etc. Secretaría de Estado de Educación y Cultura,
Fecha de publicación, distribución, etc. 2000.
300 ## - DESCRIPCIÓN FÍSICA
Extensión 144 p. :
Otras características físicas il., gráfcs., tablas ;
Dimensiones 24 cm.
490 1# - MENCIÓN DE SERIE
Mención de serie Gestión educativa
Designación de volumen o secuencia 16
505 0# - NOTA DE CONTENIDO CON FORMATO
Información miscelánea Presentación --
Título Antecedentes --
-- Aspectos generales --
-- Informes particulares por dependencia --
-- Anexos.
590 ## - NOTA LOCAL (RLIN)
Nota local Inventariado,2018/DG
650 #0 - PUNTO DE ACCESO ADICIONAL DE MATERIA--TÉRMINO DE MATERIA
Término de materia o nombre geográfico como elemento de entrada Planificación educativa
9 (RLIN) 17484
650 #4 - PUNTO DE ACCESO ADICIONAL DE MATERIA--TÉRMINO DE MATERIA
Término de materia o nombre geográfico como elemento de entrada Desarrollo educativo
9 (RLIN) 10501
700 1# - PUNTO DE ACCESO ADICIONAL--NOMBRE DE PERSONA
Nombre de persona Arboleda Roa, Lucero de
9 (RLIN) 12662
830 #0 - PUNTO DE ACCESO ADICIONAL DE SERIE-TÍTULO UNIFORME
Título uniforme Gestión educativa;
Número de parte o sección de la obra 16
9 (RLIN) 55194
910 ## - DATOS DE OPCIÓN DEL USUARIO (OCLC)
Datos de opción del usuario Validado. Control de calidad. EMS
Holdings
Estado de retiro Estado de pérdida No para préstamo Código de colección Localización permanente Ubicación/localización actual Ubicación en estantería Fecha de adquisición Número de inventario Total de préstamos Signatura topográfica completa Código de barras Fecha visto por última vez Precio válido a partir de Tipo de ítem Koha
    Excluido de préstamo Patrimonio Dominicano Patrimonio Dominicano Patrimonio Dominicano Depósito 07.04.2011 LF1   371.207 R426i 28192-10 25.06.2020 25.06.2020 Libro y Folleto Colección Patrimonio Dominicano

Powered by Koha